Movies Quiz

Random Movies or Quick Pick Quiz
Score 0/5 Timer 00:30
0 Plays Today
% Correct
Mary Elizabeth Winstead
84%
John Goodman
81.7%
Suzanne Cryer
70.9%
John Gallagher Jr.
66%
Bradley Cooper
62.3%
Remove Ads.
Support Sporcle.
Get the best of Sporcle when you Go Orange. This ad-free experience offers more features, more stats, and more fun while also helping to support Sporcle. Thank you for becoming a member.

You're not logged in!

Compare scores with friends on all Sporcle quizzes.
OR
Log In

Show Comments

Extras

Top Quizzes Today


Score Distribution

Your Account Isn't Verified!

In order to create a playlist on Sporcle, you need to verify the email address you used during registration. Go to your Sporcle Settings to finish the process.

Report this User

Report this user for behavior that violates our Community Guidelines.

Details: